| 000 | 01099cab a2200337 4500 | ||
|---|---|---|---|
| 001 | WB3008-06 | ||
| 008 | 090401t1994 xxu||||| |||| 00| 0 eng d | ||
| 035 | _a(Sirsi) u75972 | ||
| 041 | _aeng | ||
| 245 | _aRIBA torpedoes cost-saving plan | ||
| 260 | _c1994 | ||
| 350 | _a0 | ||
| 490 |
_aBuilding _v259(7832) 25 February 1994, 10(1) |
||
| 520 | _aThe RIBA is against BEC and BPF proposals to insert a clause in JCT contracts to allow builders to suggest cost-saving devices to clients. | ||
| 650 | _aARCHITECTS | ||
| 650 | _aBEC | ||
| 650 | _aBPF | ||
| 650 | _aBPF | ||
| 650 | _aBUILT ENVIRONMENT-BUILDING CONTRACT FORMS | ||
| 650 | _aBUILT ENVIRONMENT-CONSTRUCTION DESIGN | ||
| 650 | _aBUILDING EMPLOYERS CONFEDERATION | ||
| 650 | _aCOSTS | ||
| 650 | _aBUILT ENVIRONMENT-BUILDING CONTRACT FORMS-STANDARD FORMS OF BUILDING CONTRACT-JOINT CONTRACTS TRIBNUAL CONTRACTS | ||
| 650 | _aRIBA | ||
| 650 | _aROLE | ||
| 690 | _aBUILT ENVIRONMENT | ||
| 690 | _aBUILT ENVIRONMENT-BUILDING CONTRACT FORMS | ||
| 690 | _aPROFESSIONAL PRACTICE | ||
| 942 | _n0 | ||
| 948 | _c04/03/1997 | ||
| 999 |
_c47799 _d47799 |
||